000 00467nam a2200181Ia 4500
001 22435
005 20260414150831.0
008 260414t2009||||xx |||||||||||||| ||spa||
041 _aESP
082 _a621.3813
_bA15 2009
100 _aAbrie, Pieter L. D.
_eAUT
245 0 _aDesign of RF and microwave amplifiers and oscillators
_b
260 _c2009
300 _axviii, 477 páginas :
_c23 cm.
650 _aTCA
654 _aCET
942 _cLIB
_dJUS
_fJUS
_2ddc
_n
999 _c22435
_d22435